Emigrácia kvalifikovanej pracovnej sily a jej kontroverzný dopad na krajinu pôvodu migranta

Pozitívne ako aj negatívne dopady emigrácie vysokokvalifikovaných pracovných síl na krajinu pôvodu migranta. Negatívny efekt úniku mozgov - brain drain effect. Pozitívny dopad úniku mozgov - model Mountforda a model Beina, Docquiera a Rapoporta.

Guardado en:
Detalles Bibliográficos
Autor principal: Přívarová, Magdaléna, 1955-
Formato: Capítulo de libro
Lenguaje:eslovaco
Materias:
Etiquetas: Agregar Etiqueta
Sin Etiquetas, Sea el primero en etiquetar este registro!

MARC

LEADER 00000nla a2200000 4500
001 0240662
005 20240712102543.7
041 0 |a slo 
044 |a SK 
245 1 0 |a Emigrácia kvalifikovanej pracovnej sily a jej kontroverzný dopad na krajinu pôvodu migranta  |c Magdaléna Přívarová 
520 |a Pozitívne ako aj negatívne dopady emigrácie vysokokvalifikovaných pracovných síl na krajinu pôvodu migranta. Negatívny efekt úniku mozgov - brain drain effect. Pozitívny dopad úniku mozgov - model Mountforda a model Beina, Docquiera a Rapoporta. 
610 2 0 |a kapitál ľudský 
610 2 0 |a kvalifikácia 
610 2 0 |a vzdelanie 
610 2 0 |a únik mozgov 
610 2 0 |a migrácia 
610 2 0 |a pohyb síl pracovných medzinárodný 
100 1 |a Přívarová, Magdaléna, 1955-